<?xml version="1.0" encoding="UTF-8"?>
<collection xmlns="http://www.loc.gov/MARC21/slim">
 <record>
  <leader>01231nam a2200217Ia 4500</leader>
  <controlfield tag="001">CTU_121820</controlfield>
  <controlfield tag="008">210402s9999    xx            000 0 und d</controlfield>
  <datafield tag="082" ind1=" " ind2=" ">
   <subfield code="a">808.93</subfield>
  </datafield>
  <datafield tag="082" ind1=" " ind2=" ">
   <subfield code="b">B433</subfield>
  </datafield>
  <datafield tag="100" ind1=" " ind2=" ">
   <subfield code="a">Bell, Madison Smartt</subfield>
  </datafield>
  <datafield tag="245" ind1=" " ind2="0">
   <subfield code="a">Narrative design :</subfield>
  </datafield>
  <datafield tag="245" ind1=" " ind2="0">
   <subfield code="b">Working with imagination, craft, and form</subfield>
  </datafield>
  <datafield tag="245" ind1=" " ind2="0">
   <subfield code="c">Madisson Smartt Bell</subfield>
  </datafield>
  <datafield tag="260" ind1=" " ind2=" ">
   <subfield code="a">New York</subfield>
  </datafield>
  <datafield tag="260" ind1=" " ind2=" ">
   <subfield code="b">Norton &amp; Company</subfield>
  </datafield>
  <datafield tag="260" ind1=" " ind2=" ">
   <subfield code="c">2000</subfield>
  </datafield>
  <datafield tag="520" ind1=" " ind2=" ">
   <subfield code="a">Unconscious mind -- Linear design. Depth charge / Craig Bernardini ; A wife of Nashville / Peter Taylor ; Daisy's Valentine / Mary Gaitskill ; Hear that long train moan / Percival Everett ; Oh, man alive / Holden Brooks ; The sky is gray / Ernest J. Gaines -- Modular design. Signs of life / Miriam Kuznets ; Lizzie, Annie, and Rosie's rescue of me with blue cake / Carolyn Chute ; The child downstairs / Marcia Golub ; Red hands / William T. Vollmann ; Comic strip / George Garrett ; Little Red / Gilmore Tamny -- A philosophy of composition.</subfield>
  </datafield>
  <datafield tag="650" ind1=" " ind2=" ">
   <subfield code="a">English language,Short stories, American.,Narration (Rhetoric),Short story,Fiction,Narration,Văn tường thuật</subfield>
  </datafield>
  <datafield tag="650" ind1=" " ind2=" ">
   <subfield code="x">Rhetoric,Authorship</subfield>
  </datafield>
  <datafield tag="904" ind1=" " ind2=" ">
   <subfield code="i">Thủy</subfield>
  </datafield>
  <datafield tag="980" ind1=" " ind2=" ">
   <subfield code="a">Trung tâm Học liệu Trường Đại học Cần Thơ</subfield>
  </datafield>
 </record>
</collection>
